000 00586nam a22001937a 4500
999 _c172513
_d172513
005 20200206130044.0
010 _aA-644602
020 _c75.00
035 _aA-644602
037 _bBPPD/Pub.
082 _aک
100 _aم -م- راجندر
245 _aرنگ محل :
_bاٹھارہ منتخب افسانے /
_cم -م- راجندر
246 _aRang Mahal (Urdu) /
_bby Meem Meem Rajinder
260 _aNew Delhi
_bModern Publishing House
_c1993 ء
270 _aGola Market, Daryaganj
_bNew Delhi
_e110002
300 h _a182p.
_c21cm(Hb)
942 _2ddc
_cUR
_hک
_mم م ر